000 00415nam a2200157 i 4500
001 149427
003 ES-MaACL
005 20230906203111.0
007 t|
008 071022s1952 sp ||||1| spa d
100 1 _aVela, Fernando.
_9113674
245 1 0 _aCircunstancias /
_cFernando Vela.
260 _aMadrid :
_bRevista de Occidente,
_c[1952]
300 _aVIII, 252 p. ;
_c19 cm.
852 _aES-MaACL
_jD-8278
999 _c149427
_d149427